| 000 | 00514nam a22001817a 4500 | ||
|---|---|---|---|
| 005 | 20230328061049.0 | ||
| 008 | 230328b |||||||| |||| 00| 0 eng d | ||
| 020 | _a0-440-92893-1 | ||
| 082 | _aFic. N428 1975 | ||
| 100 |
_aNelson, O. Terry _eauthor |
||
| 245 |
_aThe girl who owned a city / _cO. T. [Terry] Nelson |
||
| 260 |
_aNew York: _bBantam Doubleday Dell Publishing, _cc1975 |
||
| 300 | _a189p. | ||
| 541 | _e5492 | ||
| 650 | _aPlague - Fiction | ||
| 650 | _aSurvival - Fiction | ||
| 650 | _aScience fiction | ||
| 999 |
_c2020 _d2020 |
||